The games of night : ten stories and an autobiographical piece /

Bibliographic Details
Main Author: Dagerman, Stig, 1923-1954
Format: Book
Language:English
Swedish
Published: Philadelphia : Lippincott, 1961
Series:Keystone short stories.

MARC

Tag First Indicator Second Indicator Subfields
LEADER 00000cam a2200000 4500
001 in00000031797
005 20151007063122.0
008 751017r19611959pau 000 1 eng
010 |a  61008679  
035 |a (OCoLC)01711358 
035 |9 AAD6607AM 
040 |a DLC  |c JPL  |d TXA  |d UtOrBLW 
041 1 |a eng  |a swe 
049 |a TXAM 
050 0 0 |a PZ3.D1315  |b Gam 2 
082 0 |a 839.73  |b D125g 
090 |a PT9875.D12  |b G36 1959 
100 1 |a Dagerman, Stig,  |d 1923-1954. 
245 1 4 |a The games of night :  |b ten stories and an autobiographical piece /  |c Stig Dagerman ; translated by Naomi Walford ; with an introduction by Michael Meyer. 
264 1 |a Philadelphia :  |b Lippincott,  |c 1961 
264 4 |c ©1959 
300 |a 190 pages ;  |c 21 cm. 
336 |a text  |b txt  |2 rdacontent 
337 |a unmediated  |b n  |2 rdamedia 
338 |a volume  |b nc  |2 rdacarrier 
490 1 |a Keystone short stories 
830 0 |a Keystone short stories. 
999 |a MARS 
999 f f |s 7db533f4-c070-342e-a644-0413ca9c20d3  |i 6382ba17-7da0-3d45-9fbc-41332bca6521  |t 0 
952 f f |p ric  |a Texas A&M University  |b Rellis Campus  |c Joint Library Facility  |d Remote Storage  |t 0  |e PT9875.D12 G36 1959  |h Library of Congress classification  |i unmediated -- volume  |m A14801360620 
998 f f |a PT9875.D12 G36 1959  |t 0  |l Remote Storage